1004 1517 1561 1364 1512 1761 1748 1947 1350 1284 1289 1489 1457 1196 1550 1026 1575 1385 1956 1739 1212 1832 1870 1034 1395 1560 1971 1771 1370 1010 1060 1475 1581 1773 1610 1003 1011 1783 1614 1101 1136 1692 1711 1535 1429 1001 1582 1125 1337 1699 1409 1770 1537 1302 1370 1159 1064 1613 1314 1856 1693 1232 1334 1437 1256 1618 1838 1086 1940 1525 1792 1815 1535 1630 1576 1592 1343 1543 1182 1347 1115 1104 1352 1327 1580 1600 1536 1226 1843 1921 1343 1688 1337 1363 1211 1959 1676 1280 1255 BCNSPRNW ULIB Ver.6.0+V

เปลี่ยนเป็นภาษาไทย

Change to English
 แสดงรายละเอียดบรรณานุกรม
  กลับหน้าหลัก

Brief Record : Get Marc (ISO 2709) : E-mail record : QR code < ปิดหน้าต่าง
LEADER : 00000nam 2200000uu 4500
001    13399120670
003     ULIB
008    121002s2547||||th 000 0 tha d
020    ^a9745719102
050 04 ^aBF^bท467จ
100 0  ^aทิพาวดี เอมะวรรธนะ
245 10 ^aจิตวิทยาการปรึกษาสำหรับผู้ติดยาเสพย์ติด /^cทิพาวดี เอมะวรรธนะ
250    ^aพิมพ์ครั้งที่ 2
260    ^aกรุงเทพฯ :^bมหาวิทยาลัยธรรมศาสตร์,^c2547
300    ^a (17), 409 หน้า
500    ^aหนังสือที่ได้รับทุนสนับสนุนการพิมพ์ในโครงการรางวัล TTFAward
504    ^aมีบรรณานุกรมประกอบ
650  2 ^aCounseling
650  2 ^aSubstance dependence
650  7 ^aการให้คำปรึกษา
650  7 ^aคนติดยาเสพติด^xการให้คำปรึกษา
650  7 ^aคนติดยาเสพติด^xการฟื้นฟูสมรรถภาพ
945    ^p350^l0^i11900
945    ^p350^l0^i13414
945    ^p350^l0^i13415
945    ^p350^l0^i13416
995    ^aวิภา
999 ^a ใช้งานได้ทุกระบบ
รายการนี้ยังไม่มีแท็ก
คุณยังไม่ได้ล็อกอิน คุณสามารถมีกิจกรรมร่วมกับเว็บไซต์ได้ แต่ต้องล็อกอินก่อน ::
  ล็อกอิน

รายการสื่อสารสนเทศ

ลำดับที่ ประเภท เลขเรียก/บาร์โค้ด สถานที่ สถานะ
1. วิทยาศาสตร์การแพทย์ และสุขภาพ
วิทยาศาสตร์การแพทย์ และสุขภาพ
BF ท467จ  
  Barcode: 11900
ห้องสมุดวิทยาเขตสวรรค์ประชารักษ์
►หนังสือทั่วไป
บนชั้น
2. วิทยาศาสตร์การแพทย์ และสุขภาพ
วิทยาศาสตร์การแพทย์ และสุขภาพ
BF ท467จ ฉ.2 
  Barcode: 13414
ห้องสมุดวิทยาเขตสวรรค์ประชารักษ์
►หนังสือทั่วไป
บนชั้น
3. วิทยาศาสตร์การแพทย์ และสุขภาพ
วิทยาศาสตร์การแพทย์ และสุขภาพ
BF ท467จ ฉ.3 
  Barcode: 13415
ห้องสมุดวิทยาเขตสวรรค์ประชารักษ์
►หนังสือทั่วไป
บนชั้น
4. วิทยาศาสตร์การแพทย์ และสุขภาพ
วิทยาศาสตร์การแพทย์ และสุขภาพ
BF ท467จ ฉ.4 
  Barcode: 13416
ห้องสมุดวิทยาเขตสวรรค์ประชารักษ์
►หนังสือทั่วไป
บนชั้น

รายการใกล้เคียง
    ผู้แต่ง [ทิพาวดี เอมะวรรธนะ]

    หัวเรื่อง [Counseling]
    หัวเรื่อง [Substance dependence]
    หัวเรื่อง [การให้คำปรึกษา]

BibComment


ยังไม่เคยถูกคอมเมนท์

คอมเมนท์ทรัพยากรรายการนี้
  คอมเมนท์: จิตวิทยาการปรึกษ..


 Copyright 2026. Bcnsprnw @Library